Foundations of MEMS (Record no. 12075)

000 -LEADER
fixed length control field 00406nam a22001577a 4500
020 ## - INTERNATIONAL STANDARD BOOK NUMBER
International Standard Book Number 9788131764756
082 ## - DEWEY DECIMAL CLASSIFICATION NUMBER
Classification number 621.381
100 ## - MAIN ENTRY--PERSONAL NAME
Personal name Liu, Chang,
245 ## - TITLE STATEMENT
Title Foundations of MEMS
250 ## - EDITION STATEMENT
Edition statement 2nd ed.
260 ## - PUBLICATION, DISTRIBUTION, ETC.
Place of publication, distribution, etc. New Delhi
Name of publisher, distributor, etc. Pearson
Date of publication, distribution, etc. 2011
300 ## - PHYSICAL DESCRIPTION
Extent 576 p.
Other physical details ill. ;
Accompanying material 24 cm.
500 ## - GENERAL NOTE
General note Includes bibliographical references and index.
650 ## - SUBJECT ADDED ENTRY--TOPICAL TERM
Topical term or geographic name entry element Microelectromechanical systems.
942 ## - ADDED ENTRY ELEMENTS (KOHA)
Koha item type Book
Holdings
Withdrawn status Lost status Damaged status Not for loan Collection code Permanent Location Current Location Shelving location Date acquired Source of acquisition Cost, normal purchase price Total Checkouts Full call number Barcode Date last seen Date last checked out Price effective from Koha item type
          Central Library (CL) Central Library (CL) General Stacks 07/03/2013 Allied Book Company 510.60 2 621.381 LIU SEECS012597 11/08/2024 11/23/2020 07/16/2013 Book
© 2023 Central Library, National University of Sciences and Technology. All Rights Reserved.